1451 1350 1012 1022 1560 1697 1324 1978 1214 1962 1528 1827 1115 1964 1079 1251 1091 1357 1370 1007 1031 1568 1096 1771 1548 1973 1787 1469 1516 1920 1205 1126 1774 1402 1864 1073 1113 1251 1186 1520 1754 1810 1292 1442 1712 1403 1534 1214 1013 1451 1025 1773 1165 1348 1046 1085 1360 1340 1174 1461 1144 1804 1394 1985 1635 1286 1960 1800 1083 1475 1015 1929 1456 1029 1051 1517 1354 1874 1339 1157 1293 1635 1502 1377 1582 1714 1413 1974 1912 1500 1493 1158 1338 1596 1891 1652 1197 1437 1722 BCNSPRNW ULIB Ver.6.0+V

เปลี่ยนเป็นภาษาไทย

Change to English
 แสดงรายละเอียดบรรณานุกรม
  กลับหน้าหลัก

Brief Record : Get Marc (ISO 2709) : E-mail record : QR code < ปิดหน้าต่าง
LEADER : 00000nam 2200000uu 4500
001    13399127090
003     ULIB
008    191010s2560||||th 000 0 tha d
020    ^a9786162321597
060    ^aWS103^bฌ-ก
100    ^aเฌอ
245    ^aกล่องปริศนา นิทานคำสอนของพ่อ (หลวง) ชุดที่ 1 เล่ม 2 (สองภาษา ไทย-อังกฤษ)
250    ^aพิมพ์ครั้งที่ 1
260    ^aกรุงเทพฯ :^bบริษัท บีเวล พับลิชชิ่ง จำกัด,^c2560
300    ^a12 หน้า;^b19 ซม.
650    ^aเด็ก^xการเรียนการสอน
945    ^p35^l0^i006278
999    ^aประนอม เกษจรัล
รายการนี้ยังไม่มีแท็ก
คุณยังไม่ได้ล็อกอิน คุณสามารถมีกิจกรรมร่วมกับเว็บไซต์ได้ แต่ต้องล็อกอินก่อน ::
  ล็อกอิน

รายการสื่อสารสนเทศ

ลำดับที่ ประเภท เลขเรียก/บาร์โค้ด สถานที่ สถานะ
1. วิทยาศาสตร์การแพทย์ และสุขภาพ
วิทยาศาสตร์การแพทย์ และสุขภาพ
WS103 ฌ-ก ฉ.1 
  Barcode: 006278
ห้องสมุดวิทยาเขตสวรรค์ประชารักษ์
►หนังสือทั่วไป
บนชั้น

รายการใกล้เคียง
    ผู้แต่ง [เฌอ]

BibComment


ยังไม่เคยถูกคอมเมนท์

คอมเมนท์ทรัพยากรรายการนี้
  คอมเมนท์: กล่องปริศนา นิทา..


 Copyright 2026. Bcnsprnw @Library